LIBRARY & INFORMATION CENTRE, KCAET, TAVANUR

ONLINE PUBLIC ACCESS CATALOGUE (OPAC)

Marketing of agricultural products / (Record no. 1429)

MARC details
000 -LEADER
fixed length control field 00525cam a2200193ua 4500
020 ## - INTERNATIONAL STANDARD BOOK NUMBER
ISBN 81-203-2220-7
041 ## - LANGUAGE CODE
Language code of text/sound track or separate title eng
082 ## - DEWEY DECIMAL CLASSIFICATION NUMBER
Classification number 630.33
Item number KOH/MA
100 ## - MAIN ENTRY--AUTHOR NAME
Personal name Kohis, Richard L.
245 ## - TITLE STATEMENT
Title Marketing of agricultural products /
250 ## - EDITION STATEMENT
Edition statement 9 /
260 ## - PUBLICATION, DISTRIBUTION, ETC. (IMPRINT)
Place of publication New Delhi :
Name of publisher Prentice Hall of India Pvt Ltd. ,
Year of publication 2002.
300 ## - PHYSICAL DESCRIPTION
Number of Pages 544 ; .
700 1# - ADDED ENTRY--PERSONAL NAME
Personal name Uhl, Joseph N .
942 ## - ADDED ENTRY ELEMENTS (KOHA)
Koha item type Books
Holdings
Withdrawn status Lost status Damaged status Home library Current library Date acquired Full call number Accession Number Koha item type
      KAUAET KAUAET 07/04/2012 630.33 20760 Books
free website counter